| 000 | 00799cab a2200253 4500 | ||
|---|---|---|---|
| 001 | ABS58716 | ||
| 008 | 090401t1998 xxu||||| |||| 00| 0 eng d | ||
| 035 | _a(Sirsi) u86333 | ||
| 041 | _aeng | ||
| 100 | _aHopkins, J. | ||
| 245 | _aMission: millennium | ||
| 260 | _c1998 | ||
| 350 | _a0 | ||
| 490 |
_aLandscape Design _v(270) May 1998, 6-12(4) |
||
| 520 | _aInvestigates the record of the Millennium Commission in its distribution of Lottery Funds, assessing its relevant success. Details some of the larger `landmark` projects. | ||
| 650 | _aLANDMARK PROJECTS | ||
| 650 | _aLOTTERY FUNDS | ||
| 650 | _aMILLENNIUM COMMISSION | ||
| 650 | _aMILLENNIUM PROJECTS | ||
| 650 | _aPUBLIC FUNDING | ||
| 690 | _aPROPERTY-PROPERTY FINANCE AND INVESTMENT | ||
| 942 | _n0 | ||
| 948 | _c21/05/1998 | ||
| 999 |
_c54327 _d54327 |
||